[Event "45th Guernsey Open 2019"]
[Site "Vale"]
[Date "2019.10.21"]
[Round "2.10"]
[White "Haisma, Henk"]
[Black "Coenen, Albert"]
[Result "1/2-1/2"]
[WhiteElo "1725"]
[BlackElo "1899"]
[Annotator "NA"]
[PlyCount "94"]
[EventDate "2019.10.20"]
[EventCountry "GCI"]
[SourceTitle "playchess.com"]
[Source "ChessBase"]
[SourceQuality "1"]
[TimeControl "40/6000+30:2400+30"]

1. b4 {[%emt 0:00:00]} d5 {[%emt 0:01:23]} 2. Bb2 {[%emt 0:00:00]} Bf5 {[%emt 0:00:21]} 3. e3 {[%emt 0:00:07]} e6 {[%emt 0:00:19]} 4. Nf3 {[%emt 0:00:20]} h6 {[%emt 0:02:47]} 5. c4 {[%emt 0:01:04]} Nf6 {[%emt 0:00:28]} 6. a3 {[%emt 0:00:06]} dxc4 {[%emt 0:03:09]} 7. Bxc4 {[%emt 0:00:04]} Bd6 {[%emt 0:01:28]} 8. O-O {[%emt 0:00:20]} O-O {[%emt 0:00:09]} 9. d4 {[%emt 0:01:17]} Nbd7 {[%emt 0:01:16]} 10. Nbd2 {[%emt 0:03:03]} Nb6 {[%emt 0:03:36]} 11. Bb3 {[%emt 0:04:39]} Ne4 {[%emt 0:03:30]} 12. Nc4 {[%emt 0:07:16]} Nxc4 {[%emt 0:00:30]} 13. Bxc4 {[%emt 0:03:45]} Bg4 {[%emt 0:05:33]} 14. Be2 {[%emt 0:02:46]} c6 {[%emt 0:07:07]} 15. Qc2 {[%emt 0:06:30]} Bf5 {[%emt 0:00:45]} 16. Bd3 {[%emt 0:00:24]} Ng5 {[%emt 0:00:29]} 17. Bxf5 {[%emt 0:09:07]} Nxf3+ {[%emt 0:00:10]} 18. gxf3 {[%emt 0:00:10]} Qg5+ {[%emt 0:00:53]} 19. Bg4 {[%emt 0:00:08]} h5 {[%emt 0:00:37]} 20. Qe2 {[%emt 0:06:45]} Qh4 {[%emt 0:05:29]} 21. f4 {[%emt 0:00:38]} hxg4 {[%emt 0:02:19]} 22. Kh1 {[%emt 0:04:28]} f5 {[%emt 0:07:49]} 23. Rg1 {[%emt 0:04:24]} Kf7 {[%emt 0:03:54]} 24. f3 {[%emt 0:01:15]} gxf3 {[%emt 0:00:34]} 25. Qxf3 {[%emt 0:00:12]} Rh8 {[%emt 0:01:30]} 26. Qg2 {[%emt 0:04:17]} Rag8 {[%emt 0:04:58]} 27. Qg6+ {[%emt 0:04:40]} Ke7 {[%emt 0:00:13]} 28. Qg3 {[%emt 0:05:23]} Qxg3 {[%emt 0:01:32]} 29. Rxg3 {[%emt 0:00:03]} g5 {[%emt 0:00:13]} 30. Rag1 {[%emt 0:04:49]} g4 {[%emt 0:00:13]} 31. d5 {[%emt 0:06:25]} Rh7 {[%emt 0:00:20]} 32. dxc6 {[%emt 0:00:33]} bxc6 {[%emt 0:00:08]} 33. Rc1 {[%emt 0:00:14]} Kd7 {[%emt 0:03:43]} 34. Bf6 {[%emt 0:05:32]} Rh3 {[%emt 0:01:57]} 35. Rxh3 {[%emt 0:04:32]} gxh3 {[%emt 0:00:06]} 36. Rg1 {[%emt 0:00:22]} Rxg1+ {[%emt 0:00:10]} 37. Kxg1 {[%emt 0:00:01]} c5 {[%emt 0:00:41]} 38. bxc5 {[%emt 0:06:13]} Bxc5 {[%emt 0:00:08]} 39. Bd4 {[%emt 0:00:03]} Bxa3 {[%emt 0:01:54]} 40. Bxa7 {[%emt 0:00:23]} Be7 {[%emt 0:00:10]} 41. Kf2 {[%emt 0:41:28]} Bh4+ {[%emt 0:40:06]} 42. Kf3 {[%emt 0:00:26]} Kc6 {[%emt 0:02:26]} 43. e4 {[%emt 0:01:01]} Kd6 {[%emt 0:02:01]} 44. exf5 {[%emt 0:13:54]} Bg3 45. Ke3 Bh4 46. Kf3 exf5 47. Bb6 Kd5 1/2-1/2

[Event "45th Guernsey Open 2019"]
[Site "Vale"]
[Date "2019.10.21"]
[Round "2.11"]
[White "Strade, Arita"]
[Black "Turner, Joseph David"]
[Result "1-0"]
[WhiteElo "1882"]
[BlackElo "1842"]
[Annotator "NA RC"]
[PlyCount "131"]
[EventDate "2019.10.20"]
[EventCountry "GCI"]
[SourceTitle "playchess.com"]
[Source "ChessBase"]
[SourceQuality "1"]
[TimeControl "40/6000+30:2400+30"]

1. e4 {[%emt 0:00:00]} d6 {[%emt 0:00:00]} 2. d4 {[%emt 0:00:01]} Nf6 {[%emt 0:00:00]} 3. Bd3 {[%emt 0:03:42]} g6 {[%emt 0:03:11]} 4. Nf3 {[%emt 0:05:06]} Bg7 {[%emt 0:00:28]} 5. O-O {[%emt 0:11:50]} O-O {[%emt 0:00:24]} 6. c3 {[%emt 0:01:48]} Nfd7 {[%emt 0:11:57] B07: Pirc Defence: Miscellaneous Systems} 7. Na3 $146 {[%emt 0:15:35]} ({Predecessor:} 7. Re1 e5 8. Bg5 Qe8 9. Nbd2 h6 10. Bh4 Nc6 11. dxe5 Ncxe5 12. Nxe5 Nxe5 13. Bf1 Qc6 14. Bg3 {½-½ (56) Vedmediuc,S (2465)-Nepomniachtchi,I (2730) Porto Carras 2011}) 7... c5 {[%emt 0:02:07]} 8. Nc2 {[%emt 0:02:05]} Nc6 {[%emt 0:01:20]} 9. Qe2 {[%emt 0:04:51]} Qc7 {[%emt 0:14:05]} 10. Bd2 {[%emt 0:08:35]} Rb8 {[%emt 0:05:26]} 11. Rab1 {[%emt 0:02:43]} a6 {[%emt 0:00:48]} 12. a4 {[%emt 0:00:55]} Re8 {[%emt 0:13:26]} 13. b4 {[%emt 0:03:50]} e5 {[%emt 0:09:22]} 14. dxc5 {[%emt 0:05:06]} dxc5 {[%emt 0:01:54]} 15. b5 {[%emt 0:01:59]} axb5 {[%emt 0:02:15]} 16. axb5 {[%emt 0:00:17]} Nd8 {[%emt 0:02:14]} 17. Ne3 {[%emt 0:01:50]} b6 {[%emt 0:04:59]} 18. Nd5 {[%emt 0:10:06]} Qd6 {[%emt 0:01:54]} 19. Bc4 {[%emt 0:01:37]} Nf6 {[%emt 0:04:25]} 20. Qd3 {[%emt 0:02:55]} Nxd5 {[%emt 0:03:42]} 21. Bxd5 {[%emt 0:00:11]} Be6 {[%emt 0:02:59]} 22. Rfe1 {[%emt 0:07:00]} h6 {[%emt 0:05:44]} 23. Bc1 {[%emt 0:07:29]} Re7 {[%emt 0:04:55]} 24. Rd1 {[%emt 0:00:39]} Rd7 {[%emt 0:01:49]} 25. Bb2 {[%emt 0:01:03]} Kf8 {[%emt 0:01:12]} 26. Qc2 {[%emt 0:01:30]} Qe7 {[%emt 0:01:38]} 27. Qe2 {[%emt 0:02:26]} Bg4 {[%emt 0:01:19]} 28. Ra1 {[%emt 0:00:40]} Ne6 {[%emt 0:01:01]} 29. Qe3 {[%emt 0:02:23]} Rbd8 {[%emt 0:01:12]} 30. h3 {[%emt 0:01:05]} Bxf3 {[%emt 0:00:29]} 31. Qxf3 {[%emt 0:00:12]} Nf4 {[%emt 0:00:37]} 32. c4 {[%emt 0:00:52]} g5 {[%emt 0:02:16]} 33. Ra6 {[%emt 0:00:38]} Rd6 {[%emt 0:00:27]} 34. Kh2 {[%emt 0:01:02]} Rf6 {[%emt 0:02:06]} 35. Qe3 {[%emt 0:00:24]} Rg6 {[%emt 0:00:47]} 36. g3 {[%emt 0:01:10]} Nxd5 {[%emt 0:02:52]} 37. Rxd5 {[%emt 0:00:23]} Rgd6 {[%emt 0:01:04]} 38. Qd2 {[%emt 0:02:55]} Rxd5 {[%emt 0:00:37]} 39. exd5 {[%emt 0:01:05]} Rd6 {[%emt 0:00:18]} 40. Qe3 {[%emt 0:00:24]} f5 {[%emt 0:00:59]} 41. Ra8+ {[%emt 0:40:56]} Kf7 {[%emt 0:40:28]} 42. Qf3 {[%emt 0:00:33]} Kg6 {[%emt 0:00:31]} 43. Ra6 {[%emt 0:00:34]} e4 {[%emt 0:01:19]} 44. Qe2 {[%emt 0:00:44]} Bxb2 {[%emt 0:00:35]} 45. Qxb2 {[%emt 0:00:05]} Qf6 {[%emt 0:00:07]} 46. Qa2 {[%emt 0:00:00]} Qd4 {[%emt 0:00:00]} 47. Ra8 {[%emt 0:00:00]} f4 {[%emt 0:00:00]} 48. Rc8 {[%emt 0:00:00]} Rf6 {[%emt 0:00:00]} 49. Rc6 {[%emt 0:00:00]} f3 {[%emt 0:00:00]} 50. Qc2 {[%emt 0:00:00]} Kf5 {[%emt 0:00:00]} 51. g4+ {[%emt 0:00:00]} Kg6 {[%emt 0:00:00]} 52. h4 {[%emt 0:00:00]} gxh4 {[%emt 0:00:00]} 53. Kh3 {[%emt 0:00:00]} Qe5 {[%emt 0:00:00]} 54. Qc1 {[%emt 0:00:00]} Qg5 {[%emt 0:01:43]} 55. Qc3 {[%emt 0:00:00]} Rxc6 {[%emt 0:01:54]} 56. bxc6 {[%emt 0:00:00]} h5 {[%emt 0:00:17]} 57. gxh5+ {[%emt 0:00:00]} Qxh5 {[%emt 0:00:12]} 58. Qe1 {[%emt 0:01:21]} Qf5+ {[%emt 0:00:24]} 59. Kh2 {[%emt 0:00:16]} Qf4+ {[%emt 0:00:21]} 60. Kh1 {[%emt 0:00:41]} Kf5 {[%emt 0:01:47]} 61. Qg1 {[%emt 0:01:38]} h3 $2 {[%emt 0:01:05] [#]} (61... e3 $11 62. fxe3 Qe5) 62. Qg7 $1 {[%emt 0:00:53]} Qc1+ {[%emt 0:00:10]} 63. Kh2 {[%emt 0:00:18]} Qf1 {[%emt 0:00:45]} 64. Qg3 {[%emt 0:00:47]} Qxc4 {[%emt 0:00:56]} 65. c7 {[%emt 0:00:32]} Qa6 {[%emt 0:00:53] [#]} 66. c8=Q+ {[%emt 0:00:59]} 1-0

[Event "45th Guernsey Open 2019"]
[Site "Vale"]
[Date "2019.10.22"]
[Round "3.1"]
[White "Bianco, Valerio"]
[Black "Hebden, Mark L"]
[Result "0-1"]
[WhiteElo "2088"]
[BlackElo "2427"]
[Annotator "TA"]
[PlyCount "182"]
[EventDate "2019.10.20"]
[EventCountry "GCI"]
[SourceTitle "playchess.com"]
[Source "ChessBase"]
[SourceQuality "1"]

{[%evp 16,182,44,42,60,41,53,58,58,48,59,46,88,95,91,85,95,65,87,85,78,65,107,105,110,96,107,96,91,107,90,97,85,102,103,66,68,61,85,73,82,70,81,80,133,141,134,76,79,73,79,66,84,35,51,40,62,33,38,32,37,48,119,119,195,145,135,116,164,62,132,126,119,62,62,22,22,0,0,0,2,0,0,0,0,0,0,-38,-38,-38,-38,-45,-65,-87,-87,-81,-88,-88,-88,-91,-97,-97,-105,-103,-64,-146,-100,-100,-87,-89,0,0,19,0,0,0,0,0,0,0,0,0,0,0,0,0,0,0,0,0,0,0,4,-65,-60,-242,-242,-612,-596,-997,-997,-793,-793,-835,-574,-479,-453,-453,-453,-435,-412,-29954,-29957,-29952,-29948,-29956,-29959,-29966,-29967,-29969,-29969,-29966,-29965,-29964,-29967,-29965,-12366,-4602,-592]} 1. d4 Nf6 2. c4 g6 3. Nc3 Bg7 4. e4 d6 5. Bd3 O-O 6. Nge2 Nc6 7. O-O Nh5 8. Bc2 e5 9. d5 Ne7 {E70: King's Indian: Miscellaneous lines with 4 e4, including 5 Nge2 and 5 Bd3 0-0 6 Nge2} (9... Nb4 10. Bb1 a5 11. a3 Na6 12. Be3 Qe8 13. Qd2 Bd7 14. Bc2 a4 15. h3 Nc5 16. g4 Nf4 17. Nxf4 exf4 18. Bxf4 b5 19. cxb5 Bxb5 {½-½ (30) Hambleton,A (2474)-Salem,A (2638) Sitges 2017}) 10. f4 exf4 11. Nxf4 Nf6 {White is slightly better.} 12. h3 Nd7 $146 ({Predecessor:} 12... c6 13. dxc6 bxc6 14. Be3 Ba6 15. b3 d5 16. Bc5 Nd7 {½-½ (35) Demuth,A (2525)-Yuffa,D (2519) Rochefort 2017}) 13. Be3 Kh8 14. Qd2 Ne5 15. b3 Ng8 16. Rad1 Bd7 17. Nfe2 a6 18. a4 Qe8 19. Nd4 Rd8 20. Bg5 Rb8 21. Rf2 h6 22. Be3 Qe7 23. Rdf1 c5 24. dxc6 $1 bxc6 25. Rd1 Rfd8 26. Bf4 Be6 27. Qe3 (27. Nxe6 fxe6 28. Ne2 c5 $11) 27... Rbc8 28. Rfd2 c5 29. Nf3 Nxf3+ ({Better is} 29... Kh7) 30. Qxf3 $16 ({Much weaker is} 30. gxf3 $6 Bd4 $11) 30... Be5 31. Ne2 (31. Qg3 $142) 31... Kg7 32. Qe3 f6 33. Qf3 Qc7 34. Be3 Ne7 35. Nf4 Bf7 36. Rf1 Nc6 37. Nd5 $36 {[%mdl 2048] White has the initiative.} Bxd5 38. exd5 ({But not} 38. Rxd5 Rb8 $15) 38... Nb4 (38... Nd4 $14 39. Bxd4 cxd4) 39. Bb1 ({Reject} 39. Bxg6 Kxg6 40. Qe4+ Kg7 $11) 39... Re8 (39... Rf8 $16) 40. Qg4 Qf7 41. Rdf2 h5 42. Qf3 (42. Qh4 $18) 42... Qe7 (42... Rf8 $14) 43. Kh1 Rf8 44. Re2 ({White should try} 44. g4 $16 h4 45. Bd2) 44... Rce8 $14 45. Bf4 Qf7 $1 46. Rfe1 {[%cal Bf1e1,Be1e3,Be3g3][%mdl 32]} Bxf4 47. Qxf4 Re5 48. Re4 a5 49. R1e3 Rfe8 50. Kh2 Na6 51. Rg3 f5 52. Rxe5 Rxe5 53. Qg5 Qf6 {Strongly threatening ...Qxg5.} 54. Qxh5 Re3 $1 {[%cal Re3g3]} 55. Qg5 Qxg5 56. Rxg5 $17 {[%mdl 4096] Endgame KRB-KRN} Kf6 57. Rg3 Re1 58. Bd3 Nb4 59. Rf3 Ke5 60. h4 (60. Kg3 $15) 60... Nxd3 61. Rxd3 {KR-KR} f4 $1 62. h5 g5 (62... gxh5 $17 {...Re3 is the strong threat.} 63. Rh3 Kd4 64. Rxh5 Kc3) 63. h6 $11 Kf6 {And now ...g4 would win.} (63... g4 $5 64. g3 $8 Re2+ 65. Kh1 Re1+ 66. Kh2 Re2+ 67. Kh1 Re1+ 68. Kh2 $11) 64. g3 Re2+ 65. Kh3 fxg3 66. Kxg3 Kg6 67. Rf3 Re8 $1 68. h7 Rh8 69. Re3 {aiming for Kg4.} Rxh7 70. Re6+ Kf5 71. Rxd6 Rb7 72. Rc6 Rxb3+ 73. Kg2 Kf4 74. Rf6+ (74. Rxc5 $11 Rb2+ 75. Kf1) 74... Ke5 $15 75. Rg6 $2 ({White should play} 75. Rf1 $1 $15) 75... Kd4 $19 76. Ra6 $2 (76. Kf2) 76... Kxc4 77. Rxa5 Kxd5 78. Ra8 Ra3 79. a5 Kc6 80. a6 Kb6 81. Rb8+ {[#]} Kc7 $1 {[%cal Rc7b8]} 82. Rg8 Rxa6 83. Rxg5 (83. Kf3 $19 Re6 84. Rxg5) 83... Kb6 84. Kf3 {[#]} Kb5 $1 {[%cal Rb5b4]} 85. Ke2 Rd6 86. Rg8 c4 {[%cal Bc5c4,Bc4c3][%mdl 32]} 87. Rb8+ Ka4 88. Rb1 Ka3 89. Rb8 c3 90. Ra8+ Kb2 91. Rb8+ Kc1 {Accuracy: White = 41%, Black = 74%.} (91... Kc2 $142 92. Rc8 Kb2) 0-1

[Event "45th Guernsey Open 2019"]
[Site "Vale"]
[Date "2019.10.22"]
[Round "3.2"]
[White "Wager, John D"]
[Black "Povah, Nigel E"]
[Result "0-1"]
[WhiteElo "2013"]
[BlackElo "2301"]
[Annotator "TA"]
[PlyCount "46"]
[EventDate "2019.10.20"]
[EventCountry "GCI"]
[SourceTitle "playchess.com"]
[Source "ChessBase"]
[SourceQuality "1"]

{[%evp 9,46,-6,14,21,12,-2,11,8,1,-1,0,-20,-5,-20,0,0,0,-31,-23,-145,-155,-179,-179,-205,-200,-197,-187,-217,-228,-278,-284,-449,-436,-1187,-1160,-2025,-1979,-29988,-29989]} 1. Nf3 d5 2. b3 Bg4 3. e3 e5 (3... Nd7 4. Bb2 Ngf6 5. h3 Bh5 6. g4 Bg6 7. Nh4 e5 8. d3 c6 9. Nd2 Bd6 10. Bg2 O-O 11. Qe2 a5 12. a3 Re8 13. Nxg6 hxg6 {1-0 (49) Grischuk,A (2766)-Caruana,F (2822) Saint Louis 2018}) 4. h3 Bxf3 5. Qxf3 c6 6. Bb2 {A06: Réti Opening:1 Nf3 d5} Bd6 7. g3 Ne7 8. Bg2 {The position is equal.} O-O 9. d3 $146 ({Predecessor:} 9. O-O Nd7 10. Qe2 f5 11. f4 {0-1 (26) Lillo Castany,V (2150)-Prie,E (2526) Figueres 2008}) 9... Nd7 10. Nd2 a5 11. a4 Qc7 12. Qe2 f5 13. f4 Rae8 {Threatening ...Ng6.} 14. O-O-O (14. O-O $11) 14... b5 $1 $17 15. axb5 cxb5 16. Nf3 {[#]} a4 $1 {[%cal Ba5a4,Ba4b3][%mdl 32]} 17. fxe5 Nxe5 18. Nd4 {[#]} Qa5 $1 ({Much less strong is} 18... a3 19. Ba1) 19. Qe1 Bb4 20. c3 (20. Rd2 $142) 20... Rc8 $19 21. Ne2 (21. Kd2 $142 Rxc3 22. Ke2) 21... axb3 22. g4 Qa2 {( -> ...Ba3)} 23. Qd2 Ba3 {Accuracy: White = 20%, Black = 81%.} 0-1

[Event "45th Guernsey Open 2019"]
[Site "Vale"]
[Date "2019.10.22"]
[Round "3.3"]
[White "Purdon, Colin"]
[Black "Baker, Chris W"]
[Result "1/2-1/2"]
[WhiteElo "1993"]
[BlackElo "2245"]
[Annotator "RC"]
[PlyCount "22"]
[EventDate "2019.10.20"]
[EventCountry "GCI"]
[SourceTitle "playchess.com"]
[Source "ChessBase"]
[SourceQuality "1"]
[TimeControl "40/6000+30:2400+30"]

1. d4 {[%emt 0:00:00]} Nf6 {[%emt 0:00:00]} 2. c4 {[%emt 0:00:00]} g6 {[%emt 0:00:00]} 3. Nc3 {[%emt 0:00:04]} d5 {[%emt 0:00:00]} 4. cxd5 {[%emt 0:01:06]} Nxd5 {[%emt 0:00:00]} 5. e4 {[%emt 0:00:13]} Nxc3 {[%emt 0:00:21]} 6. bxc3 {[%emt 0:00:08]} Bg7 {[%emt 0:00:44]} 7. Be3 {[%emt 0:01:03]} c5 {[%emt 0:06:31]} 8. Nf3 {[%emt 0:02:18]} Nc6 {[%emt 0:04:41]} 9. Rc1 {[%emt 0:07:47]} cxd4 {[%emt 0:13:57]} 10. cxd4 {[%emt 0:00:26]} Qa5+ {[%emt 0:00:23]} 11. Qd2 {[%emt 0:05:15]} Qxd2+ {[%emt 0:06:13]} 1/2-1/2

[Event "45th Guernsey Open 2019"]
[Site "Vale"]
[Date "2019.10.22"]
[Round "3.5"]
[White "Reijneveld, Ad"]
[Black "Morcom, Huw"]
[Result "1/2-1/2"]
[WhiteElo "2056"]
[BlackElo "1906"]
[Annotator "NA"]
[PlyCount "49"]
[EventDate "2019.10.20"]
[EventCountry "GCI"]
[SourceTitle "playchess.com"]
[Source "ChessBase"]
[SourceQuality "1"]
[TimeControl "40/6000+30:2400+30"]

1. e4 {[%emt 0:00:00]} c5 {[%emt 0:00:00]} 2. Nf3 {[%emt 0:00:00]} d6 {[%emt 0:00:00]} 3. d4 {[%emt 0:00:06]} cxd4 {[%emt 0:00:06]} 4. Nxd4 {[%emt 0:00:05]} Nf6 {[%emt 0:00:07]} 5. Nc3 {[%emt 0:00:06]} a6 {[%emt 0:00:29]} 6. h3 {[%emt 0:00:09]} e5 {[%emt 0:02:31]} 7. Nde2 {[%emt 0:01:10]} h6 {[%emt 0:00:11] B90: Sicilian Najdorf: Unusual White 6th moves, 6 Be3 Ng4 and 6 Be3 e5} (7... h5 8. g3 Nbd7 9. Bg2 b5 10. O-O Bb7 11. a4 b4 12. Nd5 Nxd5 13. exd5 Be7 14. a5 Rb8 15. Bd2 {1-0 (36) Wei,Y (2721)-Vachier Lagrave,M (2774) chess.com INT 2019}) 8. g4 {[%emt 0:01:01]} g5 {[%emt 0:00:46]} 9. Bg2 $146 {[%emt 0:00:32]} ({Predecessor:} 9. Ng3 Be6 10. Bg2 Nc6 11. Be3 Ne7 12. Qf3 Ng6 13. Nf5 Rb8 14. O-O-O Be7 15. Nd5 Nxd5 16. Ng7+ Kd7 17. exd5 Nh4 18. dxe6+ fxe6 19. Qf7 Nxg2 20. Rxd6+ Kxd6 21. Qxe6+ Kc7 22. Bb6# {1-0 (22) Perunovic,M (2565)-Krstic,N (1658) Obrenovac 2010}) 9... Be6 {[%emt 0:00:20]} 10. Be3 {[%emt 0:01:40]} Nbd7 {[%emt 0:00:19]} 11. Qd2 {[%emt 0:01:22]} Be7 {[%emt 0:00:09]} 12. Ng3 {[%emt 0:01:25]} Nb6 {[%emt 0:00:07]} 13. b3 {[%emt 0:01:14]} Rc8 {[%emt 0:00:16]} 14. Nd5 {[%emt 0:01:44]} Nbxd5 {[%emt 0:01:14]} 15. exd5 {[%emt 0:00:10]} Bd7 {[%emt 0:00:05]} 16. c4 {[%emt 0:06:16]} h5 {[%emt 0:00:44]} 17. Bxg5 {[%emt 0:06:44]} (17. f3 $16) 17... hxg4 {[%emt 0:00:11]} 18. Bxf6 {[%emt 0:04:20]} Bxf6 {[%emt 0:00:33]} 19. Ne4 {[%emt 0:00:44]} gxh3 {[%emt 0:10:09]} 20. Nxd6+ {[%emt 0:01:29]} Kf8 {[%emt 0:00:06]} 21. Be4 {[%emt 0:02:14]} Rc7 $11 {[%emt 0:01:42]} (21... Rh4 $17 22. O-O Bg5) 22. Nf5 {[%emt 0:03:08]} Bg5 $2 {[%emt 0:00:42]} (22... Bxf5 $15 {keeps the upper hand.} 23. Bxf5 e4 24. Qb4+ Re7) 23. Qd3 {[%emt 0:02:15]} Bxf5 {[%emt 0:00:37]} 24. Bxf5 {[%emt 0:00:07]} h2 {[%emt 0:00:06]} 25. Rd1 {[%emt 0:07:52]} (25. d6 $1 $11 e4 26. Qd5 (26. Bxe4 Rd7 $15)) 1/2-1/2

[Event "45th Guernsey Open 2019"]
[Site "Vale"]
[Date "2019.10.22"]
[Round "3.6"]
[White "White, Nigel"]
[Black "Thurlow, Kevin J"]
[Result "1/2-1/2"]
[WhiteElo "1975"]
[BlackElo "2021"]
[Annotator "NA"]
[PlyCount "35"]
[EventDate "2019.10.20"]
[EventCountry "GCI"]
[SourceTitle "playchess.com"]
[Source "ChessBase"]
[SourceQuality "1"]
[TimeControl "40/6000+30:2400+30"]

{[%evp 9,34,-9,-1,32767,32767,32767,32767,32767,32767,32767,-23,-18,32767,32767,32767,32767,-25,-26,-4,-10,32767,32767,32767,32767,32767,15,12]} 1. e4 {[%emt 0:00:00]} c5 {[%emt 0:00:00]} 2. Nf3 {[%emt 0:00:00]} e6 {[%emt 0:00:01]} 3. Nc3 {[%emt 0:00:00]} Nc6 {[%emt 0:00:13]} 4. g3 {[%emt 0:00:00]} d5 {[%emt 0:03:04]} 5. exd5 {[%emt 0:13:49]} exd5 {[%emt 0:00:20]} 6. Bg2 {[%emt 0:00:04]} Nf6 {[%emt 0:00:36]} 7. O-O {[%emt 0:00:26]} d4 {[%emt 0:02:53]} 8. Re1+ {[%emt 0:00:15]} Be7 {[%emt 0:00:07]} 9. Ne4 {[%emt 0:01:03]} Nxe4 {[%emt 0:00:49]} 10. Rxe4 {[%emt 0:00:02]} Bf5 {[%emt 0:00:17]} 11. Re1 {[%emt 0:00:21]} O-O {[%emt 0:00:13]} 12. d3 {[%emt 0:00:19]} Qd7 {[%emt 0:07:18]} 13. Bf4 {[%emt 0:09:22]} Rae8 {[%emt 0:10:14]} 14. Ne5 {[%emt 0:04:51]} Nxe5 {[%emt 0:01:24]} 15. Rxe5 {[%emt 0:01:50]} b6 {[%emt 0:00:46]} 16. Qf3 {[%emt 0:06:48]} Bg4 {[%emt 0:03:40]} 17. Qc6 {[%emt 0:01:53]} Bf6 $11 {[%emt 0:03:58]} 18. Ree1 {[%emt 0:02:14]} 1/2-1/2

[Event "45th Guernsey Open 2019"]
[Site "Vale"]
[Date "2019.10.22"]
[Round "3.7"]
[White "Dilleigh, Stephen P"]
[Black "Rosen, Daniel B"]
[Result "1/2-1/2"]
[WhiteElo "2037"]
[BlackElo "1990"]
[Annotator "NA RC"]
[PlyCount "104"]
[EventDate "2019.10.20"]
[EventCountry "GCI"]
[SourceTitle "playchess.com"]
[Source "ChessBase"]
[SourceQuality "1"]
[TimeControl "40/6000+30:2400+30"]

{[%evp 8,100,74,32767,32767,32767,32767,76,73,79,87,32767,77,73,32767,71,32767,43,40,49,38,47,53,32767,32767,32,36,47,42,41,32767,44,47,32767,64,62,32767,32767,32767,72,32767,32767,32767,90,32767,32767,77,66,82,75,88,83,166,32767,32767,32767,32767,97,32767,92,101,32767,32767,32767,112,102,112,32767,32767,249,6512,1637,751,29966,1036,32767,32767,29970,12833,29969,29975,29976,29976,29975,29977,32767,0,0,0,0,0,0,0,0,0]} 1. Nf3 {[%emt 0:00:00]} d6 {[%emt 0:00:00]} 2. d4 {[%emt 0:00:00]} Bg4 {[%emt 0:00:13]} 3. c4 {[%emt 0:00:00]} c6 {[%emt 0:03:27]} 4. Nc3 {[%emt 0:01:04]} Nd7 {[%emt 0:01:02]} 5. e4 {[%emt 0:16:14]} Ngf6 {[%emt 0:04:45]} 6. Be2 {[%emt 0:00:34]} Bxf3 {[%emt 0:02:49]} 7. Bxf3 {[%emt 0:00:47]} e5 {[%emt 0:00:17]} 8. O-O {[%emt 0:01:51]} Be7 {[%emt 0:00:17]} 9. d5 {[%emt 0:03:11]} O-O {[%emt 0:00:54]} 10. Be3 {[%emt 0:02:15]} cxd5 {[%emt 0:21:21] A53: Old Indian Defence without Nf3} 11. cxd5 {[%emt 0:03:01]} Qa5 {[%emt 0:02:53]} (11... Qb8 12. Qb3 Rc8 13. Rfc1 a6 14. a4 Bd8 15. a5 b6 16. axb6 Nc5 17. Bxc5 Rxc5 {1-0 (55) Mareco,S (2664)-Gonzalez,R (2451) chess.com INT 2017}) 12. Qa4 $146 {[%emt 0:07:55]} ({Predecessor:} 12. a3 Rfc8 13. b4 Qd8 14. Qb3 g6 15. Be2 h5 16. f3 Nh7 17. g3 Bg5 {0-1 (57) Juhasz,K (2150)-Kernazhitsky,L (2338) Zalakaros 2008}) 12... Qxa4 {[%emt 0:01:44]} 13. Nxa4 {[%emt 0:00:26]} Rfc8 {[%emt 0:00:19]} 14. Rfc1 {[%emt 0:01:55]} a6 {[%emt 0:01:08]} 15. Nb6 {[%emt 0:06:13]} Nxb6 {[%emt 0:00:21]} 16. Bxb6 {[%emt 0:00:09]} Kf8 {[%emt 0:01:04]} 17. Kf1 {[%emt 0:01:23]} Ke8 {[%emt 0:00:14]} 18. Ke2 {[%emt 0:01:48]} Bd8 {[%emt 0:01:36]} 19. Be3 {[%emt 0:00:54]} h6 {[%emt 0:00:53]} 20. Kd3 {[%emt 0:05:44]} Rc7 {[%emt 0:10:44]} 21. Rxc7 {[%emt 0:02:48]} Bxc7 {[%emt 0:00:15]} 22. Rc1 {[%emt 0:00:38]} Rc8 {[%emt 0:00:30]} 23. g3 {[%emt 0:04:26]} Kd8 {[%emt 0:01:33]} 24. b4 {[%emt 0:06:38]} Bb8 {[%emt 0:12:47]} 25. Rxc8+ {[%emt 0:01:56]} Kxc8 {[%emt 0:00:08]} 26. a4 {[%emt 0:01:14]} Bc7 {[%emt 0:00:35]} 27. Be2 {[%emt 0:05:57]} Kd8 {[%emt 0:05:22]} 28. f4 {[%emt 0:04:45]} Nd7 {[%emt 0:03:26]} 29. Bg4 {[%emt 0:01:36]} f6 {[%emt 0:00:45]} (29... exf4 $14 30. gxf4 Bb6) 30. Bxd7 {[%emt 0:11:00]} Kxd7 {[%emt 0:00:08]} 31. f5 {[%emt 0:00:28]} b5 {[%emt 0:01:03]} 32. a5 {[%emt 0:00:58]} Bd8 {[%emt 0:00:23]} 33. Ke2 {[%emt 0:03:14]} Ke8 {[%emt 0:00:33]} 34. Kf3 {[%emt 0:00:18]} Kf7 {[%emt 0:01:04]} 35. Kg4 {[%emt 0:00:45]} Be7 {[%emt 0:07:56]} 36. Kh5 {[%emt 0:00:42]} Bd8 {[%emt 0:03:40]} 37. Bb6 {[%emt 0:00:43]} Be7 {[%emt 0:00:08] [#]} 38. h4 $2 {[%emt 0:05:57]} (38. g4 $1 Bf8 39. Be3) 38... Kf8 $2 {[%emt 0:01:00]} (38... Bf8 $16) 39. Kg6 {[%emt 0:00:43]} Kg8 {[%emt 0:00:07]} 40. Be3 {[%emt 0:04:33]} Bd8 {[%emt 0:00:53]} 41. g4 {[%emt 0:05:56]} Be7 {[%emt 0:01:59]} 42. g5 {[%emt 0:00:45]} hxg5 {[%emt 0:00:24]} 43. hxg5 {[%emt 0:00:08]} fxg5 {[%emt 0:01:28]} 44. Bxg5 {[%emt 0:00:26]} Bxg5 {[%emt 0:00:17]} 45. Kxg5 {[%emt 0:00:06]} Kf7 {[%emt 0:00:09]} 46. Kh5 {[%emt 0:01:24]} Kf6 {[%emt 0:00:24]} 47. Kh4 {[%emt 0:00:27]} g6 {[%emt 0:03:44]} 48. fxg6 {[%emt 0:00:10]} Kxg6 {[%emt 0:00:08]} 49. Kg4 {[%emt 0:00:07]} Kf6 {[%emt 0:00:18]} 50. Kh5 {[%emt 0:00:46]} Kf7 $11 {[%emt 0:00:07]} 51. Kg5 {[%emt 0:00:46]} Kg7 {[%emt 0:00:06]} 52. Kf5 {[%emt 0:00:16]} Kf7 {[%emt 0:00:07]} 1/2-1/2